[Event "XIX Festival A"]
[Site "Robecchetto con Induno ITA"]
[Date "2008.12.29"]
[Round "4"]
[White "Bemporad, Filippo"]
[Black "Corti, Corrado"]
[Result "1/2-1/2"]
[WhiteElo "2055"]
[BlackElo "2038"]
[PlyCount "72"]
[EventDate "2008.12.27"]

1. d4 d5 2. Nf3 Nf6 3. g3 e6 4. Bg2 Bd6 5. c4 O-O 6. O-O b6 7. b3 Bb7 8. Bb2
Nbd7 9. Nbd2 Rc8 10. Rc1 Qe7 11. Ne5 c5 12. e3 Rfd8 13. Qe2 Ba6 14. f4 cxd4 15.
exd4 Re8 16. Rfe1 Bb4 17. Red1 Ba3 18. Ndf3 Bxb2 19. Qxb2 Ne4 20. cxd5 exd5 21.
Nc6 Qd6 22. Nce5 f6 23. Nxd7 Qxd7 24. Nd2 Rxc1 25. Rxc1 Nxd2 26. Qxd2 Re2 27.
Qc3 Qe6 28. a4 Bb7 29. b4 h6 30. Rf1 Kh8 31. Qc7 Qe3+ 32. Kh1 Qd2 33. Qxb7 Rxg2
34. Qc8+ Kh7 35. Qf5+ Kh8 36. Qc8+ Kh7 1/2-1/2

[Event "XIX Festival A"]
[Site "Robecchetto con Induno ITA"]
[Date "2008.12.29"]
[Round "4"]
[White "Bernasconi, Roberto"]
[Black "La Torre, Giovanni"]
[Result "1/2-1/2"]
[WhiteElo "1929"]
[BlackElo "2059"]
[PlyCount "80"]
[EventDate "2008.12.27"]

1. e4 d6 2. d4 Nf6 3. Nc3 g6 4. f4 Bg7 5. Nf3 O-O 6. Bd3 Nc6 7. O-O e5 8. dxe5
dxe5 9. f5 Nb4 10. Bg5 Nxd3 11. Qxd3 Qxd3 12. cxd3 c6 13. Nxe5 Nxe4 14. dxe4
Bxe5 15. Rad1 b5 16. Be7 Re8 17. f6 Be6 18. a3 a5 19. Rd2 Ra7 20. Bc5 Rd7 21.
Rxd7 Bxd7 22. Be7 g5 23. Rd1 Bg4 24. Rd3 h5 25. g3 Kh7 26. Kg2 Kg6 27. h3 Be6
28. Rf3 g4 29. hxg4 Bxg4 30. Rf2 Rh8 31. Ne2 Bxe2 32. Rxe2 Bxf6 33. Bxf6 Kxf6
34. Rc2 Ke5 35. Rxc6 Kxe4 36. Rc5 Rb8 37. Rxh5 f5 38. Rh4+ Ke5 39. Kf3 Rd8 40.
Ke3 Rg8 1/2-1/2

[Event "XIX Festival A"]
[Site "Robecchetto con Induno ITA"]
[Date "2008.12.29"]
[Round "4"]
[White "Borin, Fabio"]
[Black "Rota, Simone"]
[Result "1-0"]
[WhiteElo "2130"]
[BlackElo "1864"]
[PlyCount "85"]
[EventDate "2008.12.27"]

1. d4 d5 2. c4 c6 3. cxd5 cxd5 4. Nf3 Nf6 5. Nc3 Nc6 6. Bf4 Qb6 7. e3 a6 8. a3
Bg4 9. Na4 Qa7 10. b4 e6 11. Qc2 Bxf3 12. gxf3 Be7 13. Nc5 Rc8 14. Qb2 Nh5 15.
Bg3 Nxg3 16. hxg3 Bf6 17. f4 Nb8 18. Bd3 g6 19. Qe2 Nd7 20. Rb1 Qb6 21. O-O
Nxc5 22. bxc5 Qc7 23. Rb6 O-O 24. Rfb1 Qd7 25. Rxb7 Qa4 26. R1b3 Ra8 27. R7b6
Bd8 28. Rb7 Re8 29. Qb2 Ba5 30. Kg2 Qc6 31. g4 Rec8 32. Qe2 Bc7 33. g5 Kg7 34.
Rb1 Rh8 35. Bxa6 Rxa6 36. Rxc7 Qa4 37. Rb3 Ra5 38. Qb2 Qc4 39. Rbb7 Rf8 40. Qb4
Qa6 41. Rb6 Qa8 42. Rxe6 Rxa3 43. Qb7 1-0

[Event "XIX Festival A"]
[Site "Robecchetto con Induno ITA"]
[Date "2008.12.29"]
[Round "4"]
[White "Cavallini, Gianfranco"]
[Black "Autino, Massimiliano"]
[Result "1-0"]
[WhiteElo "2103"]
[BlackElo "1826"]
[PlyCount "71"]
[EventDate "2008.12.27"]

1. g3 d5 2. Bg2 Nf6 3. b3 c6 4. Bb2 Nbd7 5. Nf3 e6 6. d3 Be7 7. Nbd2 O-O 8. O-O
Re8 9. e4 dxe4 10. dxe4 Qc7 11. e5 Nd5 12. a3 Rd8 13. Qe2 Bf8 14. Rfe1 b6 15.
c4 Ne7 16. Ne4 Ng6 17. Neg5 Bb7 18. Nxh7 Kxh7 19. Ng5+ Kg8 20. Qh5 Be7 21. Qh7+
Kf8 22. Nxe6+ fxe6 23. Qxg6 Nc5 24. Re3 Rd7 25. b4 Rad8 26. Rf3+ Kg8 27. Rf7
Bf8 28. Rxd7 Qxd7 29. bxc5 Bxc5 30. Be4 Qf7 31. Qh7+ Kf8 32. Bc3 Qxf2+ 33. Kh1
Qf7 34. Kg2 Qf2+ 35. Kh3 Qf7 36. Bg6 1-0

[Event "XIX Festival A"]
[Site "Robecchetto con Induno ITA"]
[Date "2008.12.29"]
[Round "4"]
[White "Favoni, Matteo"]
[Black "Guzzetti, Luigi Enrico"]
[Result "0-1"]
[WhiteElo "1986"]
[BlackElo "1862"]
[PlyCount "70"]
[EventDate "2008.12.27"]

1. d4 Nf6 2. c4 g6 3. Nc3 Bg7 4. e4 d6 5. f3 Nbd7 6. Be3 O-O 7. Nh3 c6 8. Nf2
a6 9. Qd2 Re8 10. a4 Qa5 11. Ra3 Qc7 12. Be2 e5 13. d5 c5 14. Bd3 Nf8 15. g4
Kh8 16. h4 h5 17. g5 Ng8 18. O-O f6 19. Ne2 Qf7 20. f4 f5 21. Ng3 Ne7 22. Kg2
Nd7 23. exf5 Nxf5 24. Bxf5 gxf5 25. Qd1 exf4 26. Bxf4 Bxb2 27. Rb3 Be5 28. Nd3
Nf8 29. Bxe5+ dxe5 30. Nxh5 Nh7 31. Rb6 f4 32. Rh6 Qf5 33. Nxc5 Qh3+ 34. Kf2
Qxh4+ 35. Kg1 Qxg5+ 0-1

[Event "XIX Festival A"]
[Site "Robecchetto con Induno ITA"]
[Date "2008.12.29"]
[Round "4"]
[White "Marinone, Lucio"]
[Black "Virzi, Ettore"]
[Result "1/2-1/2"]
[WhiteElo "2008"]
[BlackElo "1950"]
[PlyCount "76"]
[EventDate "2008.12.27"]

1. d4 Nf6 2. c4 g6 3. Nc3 Bg7 4. e4 d6 5. Nge2 O-O 6. Ng3 e5 7. d5 a5 8. Be2
Na6 9. Bg5 h6 10. Be3 Nh7 11. h4 h5 12. Nf1 Nc5 13. f3 Bf6 14. Bf2 Bg7 15. g4
Nf6 16. Ng3 hxg4 17. fxg4 Qd7 18. g5 Ng4 19. Bxg4 Qxg4 20. Qxg4 Bxg4 21. Kd2 f6
22. gxf6 Rxf6 23. Be3 Rf3 24. Rhg1 Raf8 25. Raf1 Rxf1 26. Rxf1 Rxf1 27. Nxf1
Bf6 28. Bg5 Kf7 29. Ke3 c6 30. Nd2 a4 31. b4 axb3 32. axb3 Na6 33. Na2 c5 34.
Nc3 Bd7 35. Nf3 Nc7 36. Na4 Bg4 37. Nc3 Bd7 38. Na4 Bg4 1/2-1/2

[Event "XIX Festival A"]
[Site "Robecchetto con Induno ITA"]
[Date "2008.12.29"]
[Round "4"]
[White "Mazzariol, Oscar"]
[Black "Cereda, Loris"]
[Result "1/2-1/2"]
[WhiteElo "2070"]
[BlackElo "2053"]
[PlyCount "70"]
[EventDate "2008.12.27"]

1. d4 d5 2. c4 e6 3. Nc3 c6 4. e4 dxe4 5. Nxe4 Bb4+ 6. Bd2 Qxd4 7. Bxb4 Qxe4+
8. Ne2 Na6 9. Bf8 Ne7 10. Bxg7 Nb4 11. Bxh8 e5 12. Qd6 Nc2+ 13. Kd2 Bf5 14. Nc3
Qf4+ 15. Ke2 Rd8 16. Qxd8+ Kxd8 17. Rd1+ Kc7 18. Rd2 Nd4+ 19. Kd1 Ng6 20. Bg7
Bg4+ 21. Kc1 Ne6 22. f3 Bh5 23. g3 Qe3 24. Nd1 Qc5 25. Bh6 Bxf3 26. Be3 Qa5 27.
Rg1 Qxa2 28. Nc3 Qa5 29. Bd3 Nd4 30. Rf1 Qa1+ 31. Nb1 Nb3+ 32. Kc2 Qa4 33. Nc3
Nd4+ 34. Kb1 Qa5 35. Rdf2 f5 1/2-1/2

[Event "XIX Festival A"]
[Site "Robecchetto con Induno ITA"]
[Date "2008.12.29"]
[Round "4"]
[White "Parenti, Davide"]
[Black "Morandi, Daniele"]
[Result "1/2-1/2"]
[WhiteElo "2052"]
[BlackElo "1950"]
[PlyCount "79"]
[EventDate "2008.12.27"]

1. d4 Nf6 2. Nf3 g6 3. c4 Bg7 4. Nc3 O-O 5. e4 d6 6. g3 e5 7. d5 Nbd7 8. Bg2
Nc5 9. Qc2 a5 10. O-O Ne8 11. Ne1 f5 12. Nd3 Nxd3 13. Qxd3 f4 14. f3 h5 15. Ne2
g5 16. Kf2 g4 17. Ke1 fxg3 18. hxg3 gxf3 19. Rxf3 Bg4 20. Rxf8+ Kxf8 21. Bf3
Nf6 22. Bg5 Qd7 23. Kd2 Kf7 24. Rf1 Kg6 25. Be3 Bxf3 26. Rxf3 Ng4 27. Nc3 Qe7
28. Kc2 Rf8 29. Rf5 Bh6 30. Bxh6 Nxh6 31. Rxf8 Qxf8 32. Qe2 Ng4 33. a3 Qf2 34.
Qxf2 Nxf2 35. Kd2 Kg5 36. Ke2 Ng4 37. Kf3 Nh2+ 38. Kg2 Ng4 39. Kf3 Nh2+ 40. Kg2
1/2-1/2

[Event "XIX Festival A"]
[Site "Robecchetto con Induno ITA"]
[Date "2008.12.29"]
[Round "4"]
[White "Ranfagni, Stefano"]
[Black "Brugo, Marco"]
[Result "1/2-1/2"]
[WhiteElo "2047"]
[BlackElo "2152"]
[PlyCount "60"]
[EventDate "2008.12.27"]

1. Nf3 e6 2. c4 f5 3. g3 Nf6 4. Bg2 Be7 5. O-O O-O 6. d3 d6 7. Nc3 Nc6 8. Re1
Qe8 9. e4 e5 10. exf5 Bxf5 11. d4 exd4 12. Nxd4 Nxd4 13. Qxd4 c6 14. Bf4 Qd7
15. Rad1 Rfd8 16. Rd2 Bf8 17. Bg5 Re8 18. Rde2 Rxe2 19. Rxe2 Re8 20. Bxf6 gxf6
21. Qxf6 Rxe2 22. Nxe2 Bg7 23. Qg5 Bd3 24. Nf4 Bxc4 25. Bh3 Qe8 26. Bf5 Qe1+
27. Kg2 Bf1+ 28. Kf3 Qd1+ 29. Ke3 Qd4+ 30. Kf3 Qd1+ 1/2-1/2

[Event "XIX Festival A"]
[Site "Robecchetto con Induno ITA"]
[Date "2008.12.29"]
[Round "4"]
[White "Raselli, Claudio"]
[Black "Revinelli, Sergio"]
[Result "1-0"]
[WhiteElo "1986"]
[BlackElo "1868"]
[PlyCount "107"]
[EventDate "2008.12.27"]

1. d4 d5 2. Nf3 Nf6 3. e3 Bg4 4. c4 e6 5. Qb3 Qc8 6. Ne5 Bf5 7. Nc3 Be7 8. cxd5
exd5 9. Nxd5 Nxd5 10. Qxd5 O-O 11. Bd2 Be6 12. Qb5 a6 13. Qa4 c6 14. Bd3 Qd8
15. O-O c5 16. Qc2 g6 17. dxc5 Qd5 18. Nf3 Qxc5 19. Qxc5 Bxc5 20. Be4 Ra7 21.
Rac1 b6 22. b4 Be7 23. a3 Bf6 24. Nd4 Rd8 25. Nxe6 fxe6 26. Bc3 Bxc3 27. Rxc3
Rad7 28. g3 Kf7 29. Rfc1 h6 30. Rc7 Kf6 31. Rxd7 Rxd7 32. Rc8 Rd1+ 33. Kg2 Nd7
34. Ra8 Ne5 35. Rxa6 Nc4 36. a4 Rd2 37. Kf1 Rd1+ 38. Ke2 Rd2+ 39. Ke1 Ra2 40.
Bd3 Ne5 41. Bb5 Rb2 42. Rxb6 Rxb4 43. a5 Nc4 44. Bxc4 Rxc4 45. Rb8 g5 46. a6
Ra4 47. Ra8 Ra2 48. a7 Ke5 49. Kf1 g4 50. Kg2 Ke4 51. Re8 Rxa7 52. Rxe6+ Kf5
53. Rxh6 Rg7 54. Rh5+ 1-0

[Event "XIX Festival A"]
[Site "Robecchetto con Induno ITA"]
[Date "2008.12.29"]
[Round "4"]
[White "Rettore, Ludwig"]
[Black "Martinez, Rolly"]
[Result "0-1"]
[WhiteElo "2171"]
[BlackElo "2424"]
[PlyCount "62"]
[EventDate "2008.12.27"]

1. e4 c5 2. Nf3 e6 3. d4 cxd4 4. Nxd4 Nc6 5. Nc3 Qc7 6. g3 a6 7. a4 Bb4 8. Nde2
Nf6 9. Bg2 O-O 10. O-O Rb8 11. h3 b5 12. axb5 axb5 13. Bf4 d6 14. Qd3 Qb6 15.
Na2 Bc5 16. Bxd6 Bxd6 17. Qxd6 Rd8 18. Qf4 e5 19. Qf3 b4 20. Rad1 Ba6 21. c3 b3
22. Nac1 Na5 23. g4 Nc4 24. g5 Rxd1 25. Rxd1 Nxb2 26. Re1 Nd7 27. Ng3 g6 28.
Bf1 Nc5 29. Bxa6 Qxa6 30. h4 Nc4 31. Nxb3 Nxb3 0-1

[Event "XIX Festival A"]
[Site "Robecchetto con Induno ITA"]
[Date "2008.12.29"]
[Round "4"]
[White "Saccani, Ettore"]
[Black "Di Chiara, Mauro"]
[Result "1/2-1/2"]
[WhiteElo "1840"]
[BlackElo "1896"]
[PlyCount "111"]
[EventDate "2008.12.27"]

1. e4 c5 2. Nf3 Nc6 3. c3 d5 4. exd5 Qxd5 5. d4 cxd4 6. cxd4 Bg4 7. Be2 e6 8.
Nc3 Qd6 9. O-O Nf6 10. Nb5 Qd8 11. Bf4 Nd5 12. Bg3 a6 13. Nc3 Be7 14. Rc1 O-O
15. Re1 Nxc3 16. bxc3 Bf6 17. Ne5 Bxe2 18. Rxe2 Bxe5 19. Bxe5 Nxe5 20. Rxe5 Rc8
21. c4 Qf6 22. Qb3 b5 23. c5 Rfd8 24. Qe3 Kf8 25. g3 Rd5 26. Qe4 Qg6 27. Qxg6
hxg6 28. Rxd5 exd5 29. Re1 b4 30. Kf1 a5 31. a4 bxa3 32. Ra1 Rb8 33. Rxa3 Rb4
34. c6 a4 35. c7 Rc4 36. Rxa4 Rxc7 37. Ra5 Rd7 38. Ke2 Ke7 39. Ke3 Ke6 40. Kf4
f6 41. h4 Kf7 42. f3 Ke6 43. g4 Rb7 44. h5 g5+ 45. Kg3 Rb4 46. Ra7 Rxd4 47.
Rxg7 Rd1 48. Ra7 d4 49. Kf2 Rd2+ 50. Ke1 Rh2 51. Ra3 Kd5 52. Rd3 Kc4 53. Rd2
Rh1+ 54. Ke2 Kc3 55. Rd3+ Kc4 56. Rd2 1/2-1/2

[Event "XIX Festival A"]
[Site "Robecchetto con Induno ITA"]
[Date "2008.12.29"]
[Round "4"]
[White "Tagliaferri, Valerio"]
[Black "Bianchi, Alberto"]
[Result "0-1"]
[WhiteElo "1914"]
[BlackElo "2002"]
[PlyCount "114"]
[EventDate "2008.12.27"]

1. e4 e5 2. Nf3 Nc6 3. Bb5 Nge7 4. O-O g6 5. d4 Bg7 6. c3 exd4 7. cxd4 O-O 8.
Bg5 h6 9. Be3 a6 10. Ba4 d5 11. Bxc6 Nxc6 12. e5 Bf5 13. Nc3 Na5 14. b3 b6 15.
Qd2 Kh7 16. Ne2 Nb7 17. Rfd1 Qe7 18. Ng3 Be6 19. b4 c5 20. bxc5 bxc5 21. dxc5
Nxc5 22. Qb4 Rfc8 23. Rdc1 Bf8 24. Bxc5 Rxc5 25. Rxc5 Qxc5 26. Qxc5 Bxc5 27.
Rc1 Rc8 28. Ne2 Ba3 29. Rxc8 Bxc8 30. Nfd4 Bb2 31. Kf1 a5 32. Ke1 Ba6 33. Nc6
a4 34. Nb4 Bc4 35. f4 Ba3 36. Nc2 Bc5 37. a3 Kg7 38. Ned4 h5 39. Kd2 h4 40. Kc3
Kh6 41. Ne3 Ba6 42. g4 Bxa3 43. Nxd5 Bc5 44. g5+ Kh7 45. Nc7 a3 46. Ncb5 h3 47.
Kb3 Bxb5 48. Nxb5 Bg1 49. Nd6 Kg8 50. Ne4 Bxh2 51. Nf2 Bxf4 52. Nxh3 Bxe5 53.
Kxa3 Kf8 54. Kb4 Ke7 55. Kc4 Ke6 56. Nf2 Kf5 57. Kd5 Bf4 0-1

[Event "XIX Festival A"]
[Site "Robecchetto con Induno ITA"]
[Date "2008.12.29"]
[Round "4"]
[White "Testa, Loris"]
[Black "Pattarello, Pierluigi"]
[Result "1/2-1/2"]
[WhiteElo "1668"]
[BlackElo "1983"]
[PlyCount "39"]
[EventDate "2008.12.27"]

1. e4 c5 2. Nf3 Nc6 3. d4 cxd4 4. Nxd4 Nf6 5. Nc3 d6 6. Bg5 e6 7. Qd2 Be7 8. h4
a6 9. f3 Nxd4 10. Qxd4 h6 11. Be3 Bd7 12. g4 Qc7 13. Be2 Bc6 14. O-O-O O-O-O
15. Rd3 d5 16. exd5 Bxd5 17. Nxd5 Rxd5 18. Rc3 Rxd4 19. Rxc7+ Kxc7 20. Bxd4
1/2-1/2

[Event "XIX Festival A"]
[Site "Robecchetto con Induno ITA"]
[Date "2008.12.29"]
[Round "5"]
[White "Autino, Massimiliano"]
[Black "Marinone, Lucio"]
[Result "0-1"]
[WhiteElo "1826"]
[BlackElo "2008"]
[PlyCount "84"]
[EventDate "2008.12.27"]

1. d4 Nf6 2. Bg5 e6 3. Nf3 h6 4. Bh4 Be7 5. e3 c5 6. c3 b6 7. Bd3 d5 8. Nbd2
Bb7 9. Bb5+ Bc6 10. Qa4 Bxb5 11. Qxb5+ Qd7 12. Qe2 Nc6 13. O-O O-O 14. Rad1 Qc7
15. dxc5 bxc5 16. e4 Rad8 17. exd5 exd5 18. Nb3 Rfe8 19. Rfe1 Ne4 20. Bxe7 Rxe7
21. Qa6 Qb6 22. Qxb6 axb6 23. Re2 Nxc3 24. Rxe7 Nxd1 25. Rb7 Rb8 26. Rc7 Nd8
27. Rd7 d4 28. Nbd2 Nxb2 29. Ne4 Nc4 30. Kf1 Ne6 31. Nd6 Nxd6 32. Rxd6 b5 33.
Ke1 Ra8 34. Rb6 b4 35. Ne5 Rxa2 36. Rb8+ Kh7 37. Nxf7 Kg6 38. Ne5+ Kf5 39. Nd3
Ke4 40. Nc1 Rc2 41. Nb3 Kd3 42. Re8 c4 0-1

[Event "XIX Festival A"]
[Site "Robecchetto con Induno ITA"]
[Date "2008.12.29"]
[Round "5"]
[White "Bianchi, Alberto"]
[Black "Bernasconi, Roberto"]
[Result "1-0"]
[WhiteElo "2002"]
[BlackElo "1929"]
[PlyCount "59"]
[EventDate "2008.12.27"]

1. e4 e5 2. Nf3 Nf6 3. Nc3 Nc6 4. Bb5 Bb4 5. d3 d6 6. O-O O-O 7. h3 h6 8. Ne2
Re8 9. c3 Ba5 10. Ng3 a6 11. Ba4 Bd7 12. Be3 b5 13. Bc2 Qb8 14. a3 Ne7 15. Qc1
c5 16. Bxh6 gxh6 17. Qxh6 Ng6 18. Nf5 Bxf5 19. exf5 Nf8 20. Qxf6 Bd8 21. Qh6
Nh7 22. Bb3 Ra7 23. Rae1 Kh8 24. Re4 Rg8 25. Rg4 Rxg4 26. hxg4 Bf6 27. g5 Bg7
28. Qh5 Kg8 29. f6 Bf8 30. Bd5 1-0

[Event "XIX Festival A"]
[Site "Robecchetto con Induno ITA"]
[Date "2008.12.29"]
[Round "5"]
[White "Brugo, Marco"]
[Black "Bemporad, Filippo"]
[Result "1-0"]
[WhiteElo "2152"]
[BlackElo "2055"]
[PlyCount "43"]
[EventDate "2008.12.27"]

1. d4 d5 2. c4 c6 3. Nc3 Nf6 4. Nf3 g6 5. Bg5 Bg7 6. e3 O-O 7. Qb3 e6 8. Be2
Nbd7 9. O-O Qe7 10. Ne5 dxc4 11. Nxc4 Re8 12. e4 e5 13. d5 h6 14. Bh4 g5 15.
Bg3 Nxe4 16. Nxe4 cxd5 17. Ncd6 dxe4 18. Nxe8 Qxe8 19. f3 Nf6 20. fxe4 Nxe4 21.
Rxf7 Nxg3 22. Re7+ 1-0

[Event "XIX Festival A"]
[Site "Robecchetto con Induno ITA"]
[Date "2008.12.29"]
[Round "5"]
[White "Carbone, Lorenzo"]
[Black "Tagliaferri, Valerio"]
[Result "0-1"]
[WhiteElo "1817"]
[BlackElo "1914"]
[PlyCount "118"]
[EventDate "2008.12.27"]

1. e4 e5 2. Nf3 Nc6 3. Bb5 a6 4. Ba4 b5 5. Bb3 Nf6 6. O-O Be7 7. c3 d6 8. d4
Bg4 9. d5 Na5 10. Bc2 O-O 11. Re1 c5 12. Nbd2 Qc7 13. Nf1 c4 14. h3 Bh5 15. g4
Bg6 16. Ng3 Nb7 17. Bd2 Nc5 18. Bg5 Rfc8 19. Rc1 Ne8 20. Bxe7 Qxe7 21. Kh2 Qa7
22. Kg2 f6 23. Nh4 a5 24. a3 Qb6 25. Qd2 Nc7 26. Ngf5 Kf7 27. g5 Rg8 28. gxf6
Bxf5 29. Nxf5 gxf6+ 30. Kh2 Rg6 31. Rg1 Rh8 32. Qe3 Ne8 33. Rg2 Nd7 34. Rcg1
Qxe3 35. Nxe3 a4 36. Bd1 Rxg2+ 37. Rxg2 Ng7 38. Rg4 Nf8 39. Rh4 Ng6 40. Rg4 Ne7
41. Bc2 Nh5 42. Ng2 Rg8 43. Bd1 Ng6 44. Be2 Ng7 45. Ne3 h5 46. Rg1 Nf4 47. Bf1
Rh8 48. h4 Rh6 49. Rxg7+ Kxg7 50. Nf5+ Kh7 51. Nxh6 Kxh6 52. Kg3 Kg6 53. Kf3 f5
54. Ke3 fxe4 55. Kxe4 Kf6 56. Ke3 Nxd5+ 57. Ke4 Nf4 58. Ke3 Kf5 59. Kd2 d5 0-1

[Event "XIX Festival A"]
[Site "Robecchetto con Induno ITA"]
[Date "2008.12.29"]
[Round "5"]
[White "Cavallini, Gianfranco"]
[Black "Parenti, Davide"]
[Result "1-0"]
[WhiteElo "2103"]
[BlackElo "2052"]
[PlyCount "103"]
[EventDate "2008.12.27"]

1. g3 d5 2. Bg2 Nf6 3. b3 c6 4. Bb2 Bf5 5. d3 e6 6. Nd2 Be7 7. e4 Bg6 8. e5
Nfd7 9. Qe2 Na6 10. a3 Qb6 11. h4 h6 12. Nh3 O-O-O 13. Nf4 Bf5 14. h5 Nf8 15.
b4 g5 16. hxg6 Nxg6 17. Nh5 Rdg8 18. Bf3 Nf8 19. Nb3 Bg6 20. Bd4 Qc7 21. Bc5
Nxc5 22. bxc5 Bxc5 23. Nf6 Bb6 24. Nxg8 Rxg8 25. a4 a6 26. a5 Ba7 27. Bh5 Nd7
28. f4 c5 29. c4 b5 30. Bxg6 Rxg6 31. Kf2 Qd8 32. Kg2 f6 33. cxd5 fxe5 34. dxe6
Rxe6 35. f5 Rd6 36. Qe4 Kb8 37. Raf1 Qg8 38. f6 Qxb3 39. f7 Nf8 40. Rf6 Qb2+
41. Rf2 Qd4 42. Rf5 Qxe4+ 43. dxe4 Re6 44. Rhh5 Kc7 45. Rxe5 Kd7 46. Rxe6 Kxe6
47. Rxh6+ Kxf7 48. Rxa6 Bb8 49. Rb6 Nd7 50. Rb7 Ke6 51. a6 Kd6 52. Rxb8 1-0

[Event "XIX Festival A"]
[Site "Robecchetto con Induno ITA"]
[Date "2008.12.29"]
[Round "5"]
[White "Cereda, Loris"]
[Black "Astengo, Corrado"]
[Result "1/2-1/2"]
[WhiteElo "2053"]
[BlackElo "2172"]
[PlyCount "41"]
[EventDate "2008.12.27"]

1. e4 c6 2. d4 d5 3. exd5 cxd5 4. Bd3 Nc6 5. c3 Qc7 6. Na3 a6 7. Nc2 Nf6 8. Ne2
e6 9. Bf4 Bd6 10. Bxd6 Qxd6 11. Ng3 O-O 12. O-O Bd7 13. Nh5 e5 14. dxe5 Nxe5
15. Nxf6+ Qxf6 16. Be2 Rfe8 17. Nd4 Nc6 18. Bf3 Nxd4 19. Qxd4 Qxd4 20. cxd4 Be6
21. Rac1 1/2-1/2

[Event "XIX Festival A"]
[Site "Robecchetto con Induno ITA"]
[Date "2008.12.29"]
[Round "5"]
[White "Corti, Corrado"]
[Black "Barlocco, Carlo"]
[Result "1/2-1/2"]
[WhiteElo "2038"]
[BlackElo "2144"]
[PlyCount "43"]
[EventDate "2008.12.27"]

1. d4 d5 2. Nf3 Bf5 3. e3 e6 4. Bd3 Bxd3 5. Qxd3 Nd7 6. b3 Ngf6 7. O-O Be7 8.
Bb2 O-O 9. Nbd2 c5 10. c4 Qb6 11. Rab1 Rfd8 12. cxd5 Nxd5 13. Qe2 Bf6 14. Rfc1
cxd4 15. Nxd4 Rac8 16. Ne4 Be7 17. Qh5 N7f6 18. Qf3 Nb4 19. Rxc8 Rxc8 20. Ba3
Qa5 21. Nxf6+ gxf6 22. Qxb7 1/2-1/2

[Event "XIX Festival A"]
[Site "Robecchetto con Induno ITA"]
[Date "2008.12.29"]
[Round "5"]
[White "Di Chiara, Mauro"]
[Black "Favoni, Matteo"]
[Result "0-1"]
[WhiteElo "1896"]
[BlackElo "1986"]
[PlyCount "60"]
[EventDate "2008.12.27"]

1. Nf3 f5 2. d3 d6 3. e4 e5 4. exf5 Bxf5 5. Nc3 Nf6 6. g3 Nc6 7. Bg2 Qd7 8. Bg5
Be7 9. Qe2 O-O 10. h4 Rae8 11. O-O-O Bg4 12. Bxf6 Bxf6 13. Qe4 h6 14. Rdf1 Nd4
15. Nd5 Bxf3 16. Bxf3 Nxf3 17. Qxf3 Bg5+ 18. Nf4 Bxf4+ 19. gxf4 c6 20. Qh5 Rxf4
21. Rfg1 Kh8 22. Rg6 Qf7 23. Rh2 Re6 24. Rhg2 Rxg6 25. Qxg6 Rxf2 26. Qxf7 Rxf7
27. Rg6 Rf6 28. Rg4 Kh7 29. Kd2 Rf2+ 30. Kc3 Rf4 0-1

[Event "XIX Festival A"]
[Site "Robecchetto con Induno ITA"]
[Date "2008.12.29"]
[Round "5"]
[White "Guzzetti, Luigi Enrico"]
[Black "Turini, Gianluca"]
[Result "1/2-1/2"]
[WhiteElo "1862"]
[BlackElo "1572"]
[PlyCount "111"]
[EventDate "2008.12.27"]

1. e4 c5 2. Nf3 d6 3. d4 cxd4 4. Nxd4 Nf6 5. Nc3 a6 6. Be2 e6 7. Be3 Be7 8. O-O
Qc7 9. a4 Bd7 10. Qd2 Nc6 11. f3 b6 12. Nb3 O-O 13. Rad1 Rfd8 14. g4 Ne5 15. g5
Ne8 16. Qd4 Rdb8 17. f4 Nc6 18. Qc4 Nd8 19. Qd4 b5 20. axb5 axb5 21. Ra1 Nc6
22. Qd2 Rxa1 23. Rxa1 b4 24. Nb5 Qd8 25. N5d4 Ra8 26. Rxa8 Qxa8 27. Bf3 Qb8 28.
Kf2 Nc7 29. Qd3 Nxd4 30. Qxd4 Na6 31. Be2 Bb5 32. Bxb5 Qxb5 33. Qa7 Bf8 34. Nd4
Qa4 35. b3 Qa2 36. e5 dxe5 37. fxe5 g6 38. Qa8 Kg7 39. Qa7 Kg8 40. Qa8 Kg7 41.
Ke2 Qa1 42. Nb5 Qxe5 43. Nd4 Qxh2+ 44. Kd1 Qd6 45. Kc1 Nc7 46. Qe4 Nd5 47. Nb5
Qe7 48. Bd4+ f6 49. gxf6+ Nxf6 50. Qe5 Kf7 51. Nd6+ Qxd6 52. Qxf6+ Ke8 53. Qe5
Qe7 54. Qf4 Bg7 55. Bxg7 Qxg7 56. Qxb4 1/2-1/2

[Event "XIX Festival A"]
[Site "Robecchetto con Induno ITA"]
[Date "2008.12.29"]
[Round "5"]
[White "La Torre, Giovanni"]
[Black "Raselli, Claudio"]
[Result "1/2-1/2"]
[WhiteElo "2059"]
[BlackElo "1986"]
[PlyCount "100"]
[EventDate "2008.12.27"]

1. b3 f5 2. Bb2 Nf6 3. c4 e6 4. e3 Be7 5. d3 O-O 6. Nf3 b6 7. Nc3 Bb7 8. Be2
Nc6 9. d4 Bb4 10. a3 Bxc3+ 11. Bxc3 Ne4 12. Bb2 Ne7 13. Qc2 d6 14. Bd3 Ng6 15.
h4 h6 16. O-O-O d5 17. h5 Ne7 18. Ne5 dxc4 19. Bxc4 Bd5 20. f3 Nf6 21. g4 fxg4
22. e4 Bxc4 23. Qxc4 Qd6 24. Ng6 Nxg6 25. hxg6 Qf4+ 26. Kb1 Rfe8 27. fxg4 Qxe4+
28. Ka2 Qxg6 29. Qxc7 Ne4 30. Qc6 Rac8 31. Qd6 Nc3+ 32. Bxc3 Rxc3 33. Rb1 Rc2+
34. Rb2 Rec8 35. a4 Rxb2+ 36. Kxb2 Qc2+ 37. Ka3 Qc6 38. Qxc6 Rxc6 39. Rf1 a5
40. Rf3 Kh7 41. b4 Kg6 42. b5 Rc4 43. Kb3 Rc7 44. Rf8 Rd7 45. Kc4 Kg5 46. Re8
Kf6 47. Rc8 Rd6 48. Rc6 Ke7 49. Rc7+ Rd7 50. Rc6 Rd6 1/2-1/2

[Event "XIX Festival A"]
[Site "Robecchetto con Induno ITA"]
[Date "2008.12.29"]
[Round "5"]
[White "Martinez, Rolly"]
[Black "Barberi, Alessandro"]
[Result "1-0"]
[WhiteElo "2424"]
[BlackElo "2156"]
[PlyCount "125"]
[EventDate "2008.12.27"]

1. e4 c5 2. Nf3 d6 3. d4 cxd4 4. Nxd4 Nf6 5. Nc3 g6 6. Be3 Bg7 7. f3 Nc6 8. Qd2
O-O 9. O-O-O Bd7 10. g4 Qa5 11. Nb3 Qc7 12. Bh6 Rfc8 13. Bxg7 Kxg7 14. g5 Nh5
15. f4 Bg4 16. Nd5 Qd7 17. Re1 Kf8 18. Rg1 Ng7 19. Bb5 Be6 20. f5 gxf5 21. Nf6
Qc7 22. Nxh7+ Kg8 23. Nf6+ Kf8 24. Bxc6 Qxc6 25. Kb1 fxe4 26. Nd4 Qc4 27. Nxe6+
Qxe6 28. Rxe4 Qf5 29. Re2 Rc4 30. Nd5 Re4 31. Rxe4 Qxe4 32. Re1 Qh4 33. Rxe7
Re8 34. Rxe8+ Kxe8 35. a3 Ne6 36. Nc3 Qd4 37. Qg2 Nc5 38. g6 fxg6 39. Qxg6+ Kd7
40. Qf7+ Kc6 41. Qe8+ Kb6 42. Qb5+ Kc7 43. Qf1 a6 44. Qe1 d5 45. Qd1 Qxd1+ 46.
Nxd1 Kd6 47. Nf2 Ke6 48. Kc1 Kf5 49. Kd2 Ne6 50. Ke3 Ke5 51. a4 b6 52. Nd3+ Kf5
53. Nb4 d4+ 54. Kd2 Nc5 55. b3 Kg4 56. Nd3 Ne6 57. Nf2+ Kf4 58. Kd3 Ke5 59. Kc4
Ng5 60. Nd3+ Ke4 61. h4 Nf3 62. h5 Kf5 63. Kd5 1-0

[Event "XIX Festival A"]
[Site "Robecchetto con Induno ITA"]
[Date "2008.12.29"]
[Round "5"]
[White "Morandi, Daniele"]
[Black "Mazzariol, Oscar"]
[Result "1-0"]
[WhiteElo "1950"]
[BlackElo "2070"]
[PlyCount "63"]
[EventDate "2008.12.27"]

1. e4 c5 2. Nf3 d6 3. d4 cxd4 4. Nxd4 Nf6 5. Nc3 a6 6. Be2 e6 7. O-O Nbd7 8.
Be3 b5 9. a3 Bb7 10. f3 d5 11. exd5 Nxd5 12. Nxd5 Bxd5 13. f4 Bc5 14. c3 O-O
15. Kh1 Qc7 16. Bf3 Nf6 17. Qe1 Bd6 18. Bd2 Rfe8 19. Qh4 Rad8 20. Rae1 Bc5 21.
Be2 Bd6 22. Bd3 Qb7 23. Nf3 Rd7 24. Be3 e5 25. fxe5 Bxe5 26. Bg5 Re6 27. Bxf6
Bxf6 28. Qxh7+ Kf8 29. Qh8+ Ke7 30. Bf5 g6 31. Bxe6 Bxh8 32. Bxd5+ 1-0